[Event "Baltic Sea Cup"]
[Site "Ronne"]
[Date "2007.08.01"]
[Round "4.53"]
[White "Dinesen, Erland"]
[Black "Trarup, Jorgen"]
[Result "1/2-1/2"]
[WhiteElo "1586"]
[BlackElo "1863"]
[PlyCount "53"]
[EventDate "2007.??.??"]
[EventType "swiss"]
[EventRounds "9"]
[EventCountry "DEN"]
[SourceDate "2005.12.01"]
[WhiteTeam "Denmark"]
[BlackTeam "Denmark"]
[WhiteTeamCountry "DEN"]
[BlackTeamCountry "DEN"]

1. d4 d5 2. Nf3 e6 3. Bf4 Nc6 4. c3 Bd6 5. Bxd6 Qxd6 6. Nbd2 Nf6 7. e3 Ne7 8.
Bd3 Ng6 9. h3 a6 10. a3 Bd7 11. Qb3 Bc6 12. Qb4 O-O 13. O-O Qd7 14. Ne5 Nxe5
15. dxe5 Ne8 16. Qh4 f5 17. Nf3 Qd8 18. Qg3 Qe7 19. Nd4 Bd7 20. c4 c6 21. Rac1
g6 22. Be2 Ng7 23. f4 Kh8 24. cxd5 exd5 25. b4 Rg8 26. h4 Qe6 27. Kf2 1/2-1/2

[Event "Baltic Sea Cup"]
[Site "Ronne"]
[Date "2007.08.01"]
[Round "4.54"]
[White "Wilsbeck, Jan Borge"]
[Black "Abrahamsen, Bjarne"]
[Result "1-0"]
[WhiteElo "1925"]
[BlackElo "1346"]
[PlyCount "29"]
[EventDate "2007.??.??"]
[EventType "swiss"]
[EventRounds "9"]
[EventCountry "DEN"]
[SourceDate "2005.12.01"]
[WhiteTeam "Denmark"]
[BlackTeam "Denmark"]
[WhiteTeamCountry "DEN"]
[BlackTeamCountry "DEN"]

1. e4 a5 2. d4 b6 3. c4 Bb7 4. Nc3 e6 5. Nf3 Bb4 6. Bd3 Bxc3+ 7. bxc3 d6 8. O-O
Nd7 9. Rb1 Qe7 10. Ba3 O-O-O 11. e5 c5 12. Qe2 Bxf3 13. Qxf3 f6 14. Qc6+ Kb8
15. exd6 1-0

[Event "Baltic Sea Cup"]
[Site "Ronne"]
[Date "2007.08.01"]
[Round "4.55"]
[White "Kallenbach, Uffe"]
[Black "Hein, Jacob"]
[Result "1-0"]
[WhiteElo "1596"]
[BlackElo "1329"]
[PlyCount "117"]
[EventDate "2007.??.??"]
[EventType "swiss"]
[EventRounds "9"]
[EventCountry "DEN"]
[SourceDate "2005.12.01"]
[WhiteTeam "Denmark"]
[BlackTeam "Denmark"]
[WhiteTeamCountry "DEN"]
[BlackTeamCountry "DEN"]

1. d4 Nf6 2. c4 d5 3. Nf3 Bg4 4. Nbd2 Ne4 5. Ne5 Bh5 6. f3 Nxd2 7. Qxd2 f6 8.
g4 Bg6 9. Nxg6 hxg6 10. Qd3 Kf7 11. Bf4 Nc6 12. e3 e6 13. O-O-O Bd6 14. cxd5
exd5 15. Bxd6 Qxd6 16. f4 Nb4 17. Qb3 a5 18. a3 Na6 19. Bg2 c6 20. Kb1 b5 21.
h4 a4 22. Qd3 b4 23. h5 Rh6 24. Bf3 bxa3 25. Qxa3 Qxa3 26. bxa3 Nc7 27. Rc1 Ra6
28. g5 Rh8 29. hxg6+ Kxg6 30. Rxh8 Rb6+ 31. Ka2 Rb3 32. Rxc6 Nb5 33. Bxd5 Nc3+
34. Rxc3 Rxc3 35. gxf6 gxf6 36. Re8 Kf5 37. Kb2 Rc7 38. Be6+ Ke4 39. Bd7+ Kd3
40. Bxa4 Ra7 41. Bc2+ Ke2 42. Re6 Rb7+ 43. Bb3 f5 44. d5 Rd7 45. d6 Kd3 46. Bd5
Rd8 47. Bb7 Kc4 48. Ba6+ Kc5 49. a4 Rxd6 50. Rxd6 Kxd6 51. Kc3 Kc5 52. Kd3 Kb6
53. Bb5 Kc5 54. e4 fxe4+ 55. Kxe4 Kd6 56. Kf5 Ke7 57. Kg6 Kf8 58. a5 Ke7 59. a6
1-0

[Event "Baltic Sea Cup"]
[Site "Ronne"]
[Date "2007.08.01"]
[Round "4.56"]
[White "Dinesen, Lasse Juel"]
[Black "Pedersen, Lasse"]
[Result "1/2-1/2"]
[WhiteElo "1522"]
[BlackElo "1062"]
[PlyCount "155"]
[EventDate "2007.??.??"]
[EventType "swiss"]
[EventRounds "9"]
[EventCountry "DEN"]
[SourceDate "2005.12.01"]
[WhiteTeam "Denmark"]
[BlackTeam "Denmark"]
[WhiteTeamCountry "DEN"]
[BlackTeamCountry "DEN"]

1. e4 c6 2. d4 d5 3. e5 Bf5 4. Bd3 Bxd3 5. Qxd3 e6 6. Nf3 Ne7 7. Nc3 Nf5 8. g4
Nh4 9. Bd2 Nxf3+ 10. Qxf3 c5 11. Ne2 cxd4 12. Nxd4 Nd7 13. Qe2 g6 14. h4 Bg7
15. f4 Nc5 16. Qb5+ Nd7 17. h5 Qb6 18. Qxb6 Nxb6 19. hxg6 hxg6 20. O-O-O Kd7
21. Nb5 Nc4 22. b3 Nxd2 23. Kxd2 f6 24. exf6 Bxf6 25. Ke3 a6 26. Nd4 Rac8 27.
Rxh8 Bxh8 28. Rd2 Rc3+ 29. Rd3 Bxd4+ 30. Kxd4 Rxc2 31. Ke5 Ke7 32. a4 Re2+ 33.
Kd4 Re4+ 34. Kc5 Rxf4 35. Rh3 d4 36. Rh7+ Kf6 37. Rxb7 d3 38. Rd7 Rf3 39. Kb6
e5 40. Kxa6 Ke6 41. Rd8 Ke7 42. Rd5 Re3 43. Kb5 e4 44. a5 Ke6 45. a6 Re2 46.
Rd8 Ra2 47. Re8+ Kd5 48. Rd8+ Ke5 49. Kb6 d2 50. a7 e3 51. b4 Kf4 52. b5 Kf3
53. Kb7 Ke2 54. b6 d1=Q 55. a8=Q Rxa8 56. Rxd1 Kxd1 57. Kxa8 e2 58. b7 e1=Q 59.
b8=Q Qe4+ 60. Qb7 Qxg4 61. Qd5+ Ke2 62. Qb5+ Kf2 63. Qc5+ Kg3 64. Qg1+ Kh3 65.
Qh1+ Kg3 66. Qg1+ Kf4 67. Qd4+ Kg5 68. Qd2+ Kh5 69. Qh2+ Qh4 70. Qe2+ Kh6 71.
Kb7 g5 72. Kc6 g4 73. Qe6+ Kh5 74. Qf7+ Kg5 75. Qe7+ Kh5 76. Qh7+ Kg5 77. Qe7+
Kh5 78. Qh7+ 1/2-1/2

[Event "Baltic Sea Cup"]
[Site "Ronne"]
[Date "2007.08.02"]
[Round "5.1"]
[White "Rozentalis, Eduardas"]
[Black "Savchenko, Boris"]
[Result "1/2-1/2"]
[WhiteElo "2551"]
[BlackElo "2577"]
[PlyCount "41"]
[EventDate "2007.??.??"]
[EventType "swiss"]
[EventRounds "9"]
[EventCountry "DEN"]
[SourceDate "2005.12.01"]
[WhiteTeam "Denmark"]
[BlackTeam "Denmark"]
[WhiteTeamCountry "DEN"]
[BlackTeamCountry "DEN"]

1. e4 e6 2. d4 d5 3. Nd2 a6 4. Bd3 c5 5. dxc5 Bxc5 6. Ngf3 Nf6 7. Qe2 Nc6 8. c3
O-O 9. e5 Ng4 10. O-O f6 11. exf6 Qxf6 12. Nb3 Bd6 13. Bxh7+ Kh8 14. h3 e5 15.
Ng5 Nh6 16. Rd1 g6 17. Rxd5 Be7 18. Nc5 Nf7 19. h4 Bxc5 20. Rxc5 Qg7 21. Bxg6
1/2-1/2

[Event "Baltic Sea Cup"]
[Site "Ronne"]
[Date "2007.08.02"]
[Round "5.2"]
[White "Malakhatko, Vadim"]
[Black "Kristiansen, Jens"]
[Result "1-0"]
[WhiteElo "2596"]
[BlackElo "2436"]
[PlyCount "78"]
[EventDate "2007.??.??"]
[EventType "swiss"]
[EventRounds "9"]
[EventCountry "DEN"]
[SourceDate "2005.12.01"]
[WhiteTeam "Denmark"]
[BlackTeam "Denmark"]
[WhiteTeamCountry "DEN"]
[BlackTeamCountry "DEN"]

1. d4 f5 2. Nc3 Nf6 3. Bg5 d5 4. Bxf6 exf6 5. e3 Be6 6. Qf3 Nc6 7. Bb5 Qd7 8.
Nge2 a6 9. Ba4 b5 10. Bb3 Ne7 11. Nf4 c6 12. h3 g6 13. a4 b4 14. Nce2 a5 15.
Nd3 Nc8 16. O-O-O Nd6 17. Nc5 Qe7 18. Nf4 Bf7 19. g4 Bh6 20. Kb1 Ne4 21. gxf5
Nxc5 22. fxg6 Bxg6 23. Nxg6 hxg6 24. dxc5 f5 25. Rhg1 Qf6 26. e4 Bg7 27. e5 Qe6
28. Qg2 Rh6 29. f4 Ra7 30. Rd3 Bf8 31. c3 Bxc5 32. Rc1 Ra6 33. Ka2 Rb6 34. c4
d4 35. Rxd4 Qe7 36. Rd3 Rb7 37. Qxc6+ Kf8 38. Rcd1 Kf7 39. Rd7 Rb6 1-0

[Event "Baltic Sea Cup"]
[Site "Ronne"]
[Date "2007.08.02"]
[Round "5.3"]
[White "Hillarp Persson, Tiger"]
[Black "Stripunsky, Alexander"]
[Result "0-1"]
[WhiteElo "2568"]
[BlackElo "2589"]
[PlyCount "92"]
[EventDate "2007.??.??"]
[EventType "swiss"]
[EventRounds "9"]
[EventCountry "DEN"]
[SourceDate "2005.12.01"]
[WhiteTeam "Denmark"]
[BlackTeam "Denmark"]
[WhiteTeamCountry "DEN"]
[BlackTeamCountry "DEN"]

1. e4 c5 2. Nf3 e6 3. d4 cxd4 4. Nxd4 a6 5. Nc3 Qc7 6. Bd3 Bd6 7. Qg4 h5 8. Qg5
Be7 9. Qg3 d6 10. Bg5 h4 11. Qe3 f6 12. Bf4 g5 13. Bxg5 fxg5 14. e5 dxe5 15.
Nf3 Nc6 16. Bg6+ Kf8 17. O-O-O Bf6 18. Be4 Nh6 19. Bxc6 bxc6 20. Ne4 Be7 21.
Nfxg5 Rb8 22. Qc3 Rg8 23. Nf3 Rb5 24. Qd2 Nf7 25. c4 Rb4 26. Qc3 c5 27. a3 Rb6
28. g3 Bb7 29. Rhe1 hxg3 30. hxg3 Bc6 31. Qc2 Qb7 32. Nfd2 Ng5 33. Nxg5 Rxg5
34. f4 Rxg3 35. Rg1 exf4 36. Rxg3 fxg3 37. Qg6 g2 38. Qh6+ Ke8 39. Qh5+ Kd8 40.
Ne4+ Bd7 41. Qh8+ Kc7 42. Qe5+ Kc8 43. Qh8+ Bd8 44. Nxc5 Qc7 45. Nxd7 Qxd7 46.
Qg8 Rd6 0-1

[Event "Baltic Sea Cup"]
[Site "Ronne"]
[Date "2007.08.02"]
[Round "5.4"]
[White "Hansen, Sune Berg"]
[Black "Vera Gonzalez, Reynaldo"]
[Result "0-1"]
[WhiteElo "2574"]
[BlackElo "2479"]
[PlyCount "74"]
[EventDate "2007.??.??"]
[EventType "swiss"]
[EventRounds "9"]
[EventCountry "DEN"]
[SourceDate "2005.12.01"]
[WhiteTeam "Denmark"]
[BlackTeam "Denmark"]
[WhiteTeamCountry "DEN"]
[BlackTeamCountry "DEN"]

1. e4 c5 2. d3 Nc6 3. g3 Nf6 4. Bg2 d5 5. Nd2 g6 6. Ngf3 Bg7 7. O-O O-O 8. c3
e5 9. Qb3 d4 10. cxd4 cxd4 11. Nc4 Qe7 12. Bd2 h6 13. Na5 Nxa5 14. Bxa5 Re8 15.
Rfc1 Be6 16. Qb5 a6 17. Qb6 Nd7 18. Qxb7 Rab8 19. Qc7 Rxb2 20. a3 Reb8 21. Nd2
Qf6 22. Rc2 Bf8 23. a4 Kg7 24. Rxb2 Rxb2 25. Rc1 Bb4 26. Bxb4 Rxb4 27. f4 exf4
28. gxf4 Rb2 29. Nf3 Bg4 30. Rc6 Bxf3 31. Rxf6 Rxg2+ 32. Kf1 Nxf6 33. Qe5 Rxh2
34. Qxd4 h5 35. e5 Ng4 36. e6+ Kh7 37. e7 Rh1+ 0-1

[Event "Baltic Sea Cup"]
[Site "Ronne"]
[Date "2007.08.02"]
[Round "5.5"]
[White "Kleiman, Jake"]
[Black "Khenkin, Igor"]
[Result "0-1"]
[WhiteElo "2312"]
[BlackElo "2602"]
[PlyCount "52"]
[EventDate "2007.??.??"]
[EventType "swiss"]
[EventRounds "9"]
[EventCountry "DEN"]
[SourceDate "2005.12.01"]
[WhiteTeam "Denmark"]
[BlackTeam "Denmark"]
[WhiteTeamCountry "DEN"]
[BlackTeamCountry "DEN"]

1. e4 c5 2. Nf3 e6 3. c3 d5 4. exd5 exd5 5. d4 Nc6 6. Bb5 Bd6 7. dxc5 Bxc5 8.
O-O Nge7 9. Nbd2 a6 10. Bd3 O-O 11. Nb3 Bd6 12. Nbd4 Ng6 13. Nxc6 bxc6 14. Ng5
Qf6 15. Qh5 h6 16. Nxf7 Nf4 17. Bxf4 Bxf4 18. Qg6 Qxg6 19. Bxg6 Be6 20. Ne5
Bxe5 21. Rae1 Rf6 22. Rxe5 Rxg6 23. f4 Bh3 24. Rf2 Rf8 25. f5 Rg5 26. Re3 Rgxf5
0-1

[Event "Baltic Sea Cup"]
[Site "Ronne"]
[Date "2007.08.02"]
[Round "5.6"]
[White "Hector, Jonny"]
[Black "Cabrera Trujillo, Jorge"]
[Result "1/2-1/2"]
[WhiteElo "2550"]
[BlackElo "2324"]
[PlyCount "167"]
[EventDate "2007.??.??"]
[EventType "swiss"]
[EventRounds "9"]
[EventCountry "DEN"]
[SourceDate "2005.12.01"]
[WhiteTeam "Denmark"]
[BlackTeam "Denmark"]
[WhiteTeamCountry "DEN"]
[BlackTeamCountry "DEN"]

1. d4 Nf6 2. Nc3 d5 3. Bg5 Nbd7 4. Qd3 h6 5. Bh4 c6 6. Nf3 Qa5 7. Nd2 e5 8.
Bxf6 gxf6 9. e4 Qb4 10. Nb3 Nb6 11. exd5 cxd5 12. dxe5 fxe5 13. Qg3 Bd6 14. Qg7
Rf8 15. Qxh6 Be6 16. Bb5+ Ke7 17. O-O-O Rac8 18. a3 Qg4 19. Be2 Qf5 20. g4 Qg6
21. Qh4+ f6 22. f4 Rh8 23. Qf2 d4 24. Bd3 Qxg4 25. Rhg1 Qh4 26. Rg7+ Kf8 27.
Qg2 dxc3 28. Qxb7 cxb2+ 29. Kb1 Rb8 30. Qc6 Kxg7 31. Qxd6 Qg4 32. Rf1 e4 33.
Be2 Qxe2 34. Qe7+ Kg6 35. Rg1+ Bg4 36. f5+ Kh5 37. h3 Rhg8 38. Qh7+ Kg5 39.
Rxg4+ Qxg4 40. hxg4 Kxg4 41. Qh1 Kxf5 42. Nd4+ Ke5 43. Nc6+ Kd5 44. Ne7+ Ke5
45. Nxg8 Rxg8 46. Qh2+ Ke6 47. Qh7 Rg4 48. Qxa7 Nc4 49. Qc5 Ne5 50. a4 e3 51.
a5 e2 52. Qe3 Ra4 53. Kxb2 Rxa5 54. Qxe2 Rc5 55. Qh2 Rc4 56. Qh6 Kf7 57. Qh5+
Ke7 58. Kc1 Ke6 59. Qe8+ Kf5 60. Qe7 Kg6 61. Kd2 Kf5 62. Qh7+ Ke6 63. Qh3+ Ke7
64. Qf5 Kf7 65. c3 Ke7 66. Kc2 Kf7 67. Kb2 Ke7 68. Kb3 Kf7 69. Qh7+ Ke6 70.
Qg8+ Ke7 71. Qd5 Rc6 72. Kc2 Rc4 73. Kd2 Rc6 74. Qg8 Rc4 75. Qg2 Rc6 76. Qh3
Rc4 77. Ke2 Rc6 78. Kf2 Rc4 79. Kg2 Rc6 80. Qh7+ Ke6 81. Qg8+ Ke7 82. Qb3 Rc4
83. Kh3 Ke6 84. Kg2 1/2-1/2

[Event "Baltic Sea Cup"]
[Site "Ronne"]
[Date "2007.08.02"]
[Round "5.7"]
[White "Bach, Matthias"]
[Black "Kasparov, Sergey"]
[Result "1/2-1/2"]
[WhiteElo "2301"]
[BlackElo "2500"]
[PlyCount "166"]
[EventDate "2007.??.??"]
[EventType "swiss"]
[EventRounds "9"]
[EventCountry "DEN"]
[SourceDate "2005.12.01"]
[WhiteTeam "Denmark"]
[BlackTeam "Denmark"]
[WhiteTeamCountry "DEN"]
[BlackTeamCountry "DEN"]

1. d4 Nf6 2. c4 d6 3. Nf3 Nbd7 4. g3 e5 5. Bg2 c6 6. O-O Be7 7. Nc3 Qc7 8. e4
O-O 9. h3 a6 10. a4 a5 11. Be3 Re8 12. d5 Qb8 13. Ne1 Bd8 14. Nd3 Bb6 15. Bxb6
Nxb6 16. b3 Nbd7 17. Qd2 Qa7 18. Kh2 Nc5 19. Nxc5 Qxc5 20. Rad1 Qb4 21. Qb2 Ra6
22. Na2 Qc5 23. Nc1 cxd5 24. exd5 Bf5 25. Rfe1 Raa8 26. Re3 Bg6 27. Rde1 Kf8
28. Ne2 Qb6 29. Nc3 Nd7 30. g4 Nc5 31. Be4 Bxe4 32. Nxe4 Nxe4 33. Rxe4 h6 34.
Qc3 Qxf2+ 35. Kh1 b6 36. R1e2 Qc5 37. Qf3 Kg8 38. Rg2 f6 39. h4 Rf8 40. Qf5 Qc8
41. Re3 Qe8 42. Rd2 Rd8 43. h5 g6 44. hxg6 Kg7 45. Rh3 Qxg6 46. Kg2 Qxf5 47.
gxf5 Rh8 48. Kf3 Rdg8 49. Rdh2 h5 50. Ke4 Rh6 51. Rh4 Rgh8 52. R2h3 Kf7 53. Kf3
R8h7 54. Rh2 Kg8 55. Rb2 Rg7 56. b4 Rg5 57. bxa5 bxa5 58. c5 dxc5 59. d6 Rg7
60. Rb8+ Kh7 61. Rc8 Rf7 62. Rxc5 Kg7 63. Ke4 Rh8 64. Kd5 Kh6 65. Ke6 Rhh7 66.
Rxa5 Kg5 67. Rh1 h4 68. Rd5 Rd7 69. Rd2 h3 70. Rdh2 Ra7 71. Rxh3 Rxh3 72. Rxh3
Rxa4 73. d7 Ra6+ 74. Ke7 Ra7 75. Rf3 e4 76. Rf1 e3 77. Ke8 e2 78. Re1 Ra8+ 79.
Ke7 Kg4 80. Rxe2 Kg3 81. Re3+ Kg2 82. Re4 Kg3 83. Rf4 Kg2 1/2-1/2

[Event "Baltic Sea Cup"]
[Site "Ronne"]
[Date "2007.08.02"]
[Round "5.8"]
[White "Baekgaard, Martin"]
[Black "Pilgaard, Kim"]
[Result "1/2-1/2"]
[WhiteElo "2272"]
[BlackElo "2448"]
[PlyCount "51"]
[EventDate "2007.??.??"]
[EventType "swiss"]
[EventRounds "9"]
[EventCountry "DEN"]
[SourceDate "2005.12.01"]
[WhiteTeam "Denmark"]
[BlackTeam "Denmark"]
[WhiteTeamCountry "DEN"]
[BlackTeamCountry "DEN"]

1. d4 Nf6 2. c4 e6 3. Nf3 c5 4. d5 exd5 5. cxd5 d6 6. Nc3 g6 7. g3 Bg7 8. Bg2
O-O 9. O-O a6 10. a4 Nbd7 11. Bf4 Qe7 12. h3 Nh5 13. Bg5 f6 14. Bd2 f5 15. Qc1
Ne5 16. Ng5 Rb8 17. Rb1 b5 18. axb5 axb5 19. b4 Nc4 20. Ne6 Nxd2 21. Qxd2 cxb4
22. Rxb4 Bxe6 23. dxe6 Bxc3 24. Qxc3 Qxe6 25. Qd3 Nf6 26. Rfb1 1/2-1/2

[Event "Baltic Sea Cup"]
[Site "Ronne"]
[Date "2007.08.02"]
[Round "5.9"]
[White "Rasmussen, Allan Stig"]
[Black "Palm, Nicolaj Lars"]
[Result "1-0"]
[WhiteElo "2450"]
[BlackElo "2308"]
[PlyCount "95"]
[EventDate "2007.??.??"]
[EventType "swiss"]
[EventRounds "9"]
[EventCountry "DEN"]
[SourceDate "2005.12.01"]
[WhiteTeam "Denmark"]
[BlackTeam "Denmark"]
[WhiteTeamCountry "DEN"]
[BlackTeamCountry "DEN"]

1. e4 e5 2. Nf3 Nc6 3. Bb5 a6 4. Ba4 Nf6 5. O-O Be7 6. Re1 b5 7. Bb3 d6 8. c3
O-O 9. h3 Na5 10. Bc2 c5 11. d4 Qc7 12. Nbd2 g6 13. Nf1 Nh5 14. Bh6 Re8 15. Ne3
Bb7 16. g4 cxd4 17. cxd4 Nf4 18. Bxf4 exf4 19. Nd5 Bxd5 20. exd5 Bf8 21. Be4
Bg7 22. b3 Qb6 23. Qd2 Re7 24. Rad1 Rae8 25. Qxf4 Nb7 26. Kf1 b4 27. Re2 a5 28.
Bd3 Rxe2 29. Bxe2 a4 30. bxa4 Rc8 31. Bb5 Na5 32. Rb1 Qc7 33. Kg2 Qc2 34. Rxb4
Qxa2 35. Bd7 Rd8 36. Bc6 h6 37. Qd2 Qa3 38. Qb2 Qd3 39. Qb1 Qc3 40. Qb2 Qd3 41.
Qd2 Qa3 42. Rb1 Nc4 43. Qb4 Qa2 44. Rb3 Qe2 45. Bb5 Rc8 46. Qc3 f5 47. gxf5
gxf5 48. Rb4 1-0

[Event "Baltic Sea Cup"]
[Site "Ronne"]
[Date "2007.08.02"]
[Round "5.10"]
[White "Glud, Jakob Vang"]
[Black "Hagen, Andreas Skytte"]
[Result "1/2-1/2"]
[WhiteElo "2435"]
[BlackElo "2256"]
[PlyCount "79"]
[EventDate "2007.??.??"]
[EventType "swiss"]
[EventRounds "9"]
[EventCountry "DEN"]
[SourceDate "2005.12.01"]
[WhiteTeam "Denmark"]
[BlackTeam "Denmark"]
[WhiteTeamCountry "DEN"]
[BlackTeamCountry "DEN"]

1. e4 c5 2. Nf3 d6 3. b3 Nc6 4. Bb2 Nf6 5. d3 g6 6. Nbd2 Bg7 7. g3 O-O 8. Bg2
e5 9. O-O Ne8 10. c3 f5 11. d4 f4 12. b4 g5 13. b5 Nb8 14. Re1 Be6 15. Bf1 Qf6
16. h3 h5 17. d5 Bc8 18. g4 hxg4 19. Nh2 g3 20. Ng4 gxf2+ 21. Kxf2 Qg6 22. Be2
Qh7 23. Bf3 Qxh3 24. Rg1 Nf6 25. Nc4 Bxg4 26. Bxg4 Nxe4+ 27. Ke1 Qh4+ 28. Ke2
Qh2+ 29. Kf3 Nf2 30. Be6+ Rf7 31. Rg2 Qxg2+ 32. Kxg2 Nxd1 33. Rxd1 Bf8 34. Kf3
Kg7 35. Rg1 Rf6 36. Rxg5+ Rg6 37. Rf5 Rf6 38. Rg5+ Rg6 39. Rf5 Rf6 40. Rg5+
1/2-1/2

[Event "Baltic Sea Cup"]
[Site "Ronne"]
[Date "2007.08.02"]
[Round "5.11"]
[White "Bromann, Thorbjorn"]
[Black "Hirneise, Tobias"]
[Result "1-0"]
[WhiteElo "2413"]
[BlackElo "2293"]
[PlyCount "77"]
[EventDate "2007.??.??"]
[EventType "swiss"]
[EventRounds "9"]
[EventCountry "DEN"]
[SourceDate "2005.12.01"]
[WhiteTeam "Denmark"]
[BlackTeam "Denmark"]
[WhiteTeamCountry "DEN"]
[BlackTeamCountry "DEN"]

1. e4 c5 2. Nf3 d6 3. d4 cxd4 4. Nxd4 Nf6 5. Nc3 Nc6 6. Bg5 e6 7. Qd2 a6 8.
O-O-O Bd7 9. f4 h6 10. Bh4 g5 11. fxg5 Ng4 12. Be2 Nge5 13. Nf3 Be7 14. Rhg1
Rg8 15. Bg3 hxg5 16. Nxe5 Nxe5 17. Bxe5 dxe5 18. Bh5 Rh8 19. g4 Rh7 20. Rgf1
Qc7 21. Rxf7 Rxf7 22. Bxf7+ Kxf7 23. Qxd7 Qxd7 24. Rxd7 b5 25. h3 Re8 26. Rd3
Bc5 27. a4 b4 28. Nb1 Kf6 29. Nd2 Rc8 30. Nb3 Be7 31. Kd1 Rc7 32. Rf3+ Kg6 33.
Rd3 Kf6 34. Nd2 Kg6 35. b3 Bc5 36. c3 bxc3 37. Rxc3 a5 38. Kc2 Kf6 39. Nf3 1-0

[Event "Baltic Sea Cup"]
[Site "Ronne"]
[Date "2007.08.02"]
[Round "5.12"]
[White "Lund, Esben"]
[Black "Jorgensen, Jorgen"]
[Result "0-1"]
[WhiteElo "2396"]
[BlackElo "2250"]
[PlyCount "104"]
[EventDate "2007.??.??"]
[EventType "swiss"]
[EventRounds "9"]
[EventCountry "DEN"]
[SourceDate "2005.12.01"]
[WhiteTeam "Denmark"]
[BlackTeam "Denmark"]
[WhiteTeamCountry "DEN"]
[BlackTeamCountry "DEN"]

1. d4 d5 2. c4 Nc6 3. cxd5 Qxd5 4. e3 e5 5. Nc3 Bb4 6. Bd2 Bxc3 7. bxc3 Qd6 8.
Bd3 Nge7 9. Ne2 O-O 10. Qc2 Kh8 11. f3 Be6 12. O-O Rad8 13. Rab1 b6 14. Rb5 Bc8
15. Rb2 f5 16. g3 Bb7 17. Kg2 e4 18. fxe4 Ne5 19. dxe5 Qxd3 20. Qxd3 Rxd3 21.
Nf4 Bxe4+ 22. Kg1 Rd7 23. c4 Nc6 24. Bc3 Rfd8 25. Ne6 Re8 26. Ng5 h6 27. e6 Rd3
28. Nxe4 fxe4 29. Rc2 Rxe6 30. Rf7 Ne5 31. Rxc7 a5 32. Bxe5 Rxe5 33. Rc6 b5 34.
c5 b4 35. Rf2 Rc3 36. Rf8+ Kh7 37. Rfc8 Rc2 38. Rd6 Rexc5 39. Rxc5 Rxc5 40. Rd2
a4 41. Kg2 b3 42. axb3 axb3 43. Rd4 Rb5 44. Rd1 b2 45. Rb1 Kg6 46. Kf1 Kf5 47.
h3 Ke5 48. Ke2 Kd5 49. Kd2 Kc4 50. Kc2 Rb3 51. h4 Rc3+ 52. Kxb2 Rb3+ 0-1

[Event "Baltic Sea Cup"]
[Site "Ronne"]
[Date "2007.08.02"]
[Round "5.13"]
[White "Jayaram, Ashwin"]
[Black "Aabling Thomsen, Jakob"]
[Result "1-0"]
[WhiteElo "2399"]
[BlackElo "2242"]
[PlyCount "59"]
[EventDate "2007.??.??"]
[EventType "swiss"]
[EventRounds "9"]
[EventCountry "DEN"]
[SourceDate "2005.12.01"]
[WhiteTeam "Denmark"]
[BlackTeam "Denmark"]
[WhiteTeamCountry "DEN"]
[BlackTeamCountry "DEN"]

1. e4 g6 2. d4 Bg7 3. Nc3 d6 4. Be3 a6 5. Qd2 Nd7 6. a4 b6 7. g4 c5 8. Bg2 Rb8
9. Nge2 Ngf6 10. h3 O-O 11. O-O cxd4 12. Nxd4 Bb7 13. Nde2 b5 14. axb5 axb5 15.
Ba7 b4 16. Nd5 Bxd5 17. exd5 Rb7 18. Nd4 Nc5 19. Nc6 Qd7 20. Rfe1 Re8 21. g5
Nh5 22. Bxc5 dxc5 23. Rxe7 Qxc6 24. d6 Qxg2+ 25. Kxg2 Rbxe7 26. dxe7 Rxe7 27.
Qd8+ Bf8 28. Ra8 Nf4+ 29. Kf3 Ne6 30. Qxe7 1-0

[Event "Baltic Sea Cup"]
[Site "Ronne"]
[Date "2007.08.02"]
[Round "5.14"]
[White "Matthiesen, Martin"]
[Black "Moller, Morten Kock"]
[Result "1-0"]
[WhiteElo "2363"]
[BlackElo "2178"]
[PlyCount "133"]
[EventDate "2007.??.??"]
[EventType "swiss"]
[EventRounds "9"]
[EventCountry "DEN"]
[SourceDate "2005.12.01"]
[WhiteTeam "Denmark"]
[BlackTeam "Denmark"]
[WhiteTeamCountry "DEN"]
[BlackTeamCountry "DEN"]

1. d4 Nf6 2. c4 e6 3. Nf3 b6 4. g3 Ba6 5. b3 Bb4+ 6. Bd2 Be7 7. Nc3 d5 8. cxd5
Nxd5 9. Nxd5 exd5 10. Bh3 O-O 11. O-O Nd7 12. Bf4 Nf6 13. Ne5 Bb7 14. Rc1 c5
15. Be3 Qc7 16. Nd3 c4 17. bxc4 dxc4 18. Qa4 c3 19. f3 Bd6 20. Bf2 Bc8 21. Bxc8
Rfxc8 22. e4 Bf8 23. Rc2 Qc4 24. Qxc4 Rxc4 25. Rb1 Nd7 26. Rb3 Rac8 27. d5 a6
28. Bxb6 Nxb6 29. Rxb6 Rd4 30. Rc6 Rxc6 31. dxc6 Rc4 32. Ne5 Rc5 33. Nd7 Rxc6
34. Nxf8 Kxf8 35. Kf2 Rh6 36. Ke3 Rc6 37. Kd4 Ke7 38. Rxc3 Rb6 39. Rc7+ Ke6 40.
Ra7 g6 41. h4 h6 42. a3 h5 43. f4 Rc6 44. a4 Rd6+ 45. Kc4 Rc6+ 46. Kd4 Rd6+ 47.
Ke3 Rc6 48. a5 Kf6 49. Rb7 Rc3+ 50. Kf2 Rc2+ 51. Kf3 Rc3+ 52. Kg2 Rc2+ 53. Kh3
Rc4 54. Rb6+ Ke7 55. e5 Ra4 56. Rxa6 Ra2 57. Ra8 Ke6 58. a6 Kf5 59. Rf8 Ke4 60.
Rxf7 Rxa6 61. Rf6 Ra1 62. Rb6 Kf3 63. Rb3+ Kf2 64. Kh2 Re1 65. Ra3 Re2 66. g4
hxg4 67. Rg3 1-0

[Event "Baltic Sea Cup"]
[Site "Ronne"]
[Date "2007.08.02"]
[Round "5.15"]
[White "Coleman, Teddy"]
[Black "Zozulia, Anna"]
[Result "0-1"]
[WhiteElo "2239"]
[BlackElo "2332"]
[PlyCount "140"]
[EventDate "2007.??.??"]
[EventType "swiss"]
[EventRounds "9"]
[EventCountry "DEN"]
[SourceDate "2005.12.01"]
[WhiteTeam "Denmark"]
[BlackTeam "Denmark"]
[WhiteTeamCountry "DEN"]
[BlackTeamCountry "DEN"]

1. d4 g6 2. c4 Bg7 3. Nc3 d6 4. e4 Nc6 5. Nge2 e5 6. Be3 Nf6 7. d5 Ne7 8. f3
Nd7 9. Qd2 f5 10. O-O-O O-O 11. Kb1 a5 12. Nc1 b6 13. a3 Nc5 14. b4 axb4 15.
axb4 Nd7 16. Bd3 Nf6 17. Rhf1 Bd7 18. Nb3 Qb8 19. Kb2 Qb7 20. Ra1 c6 21. Rxa8
Rxa8 22. Ra1 Rf8 23. dxc6 Bxc6 24. Nd5 fxe4 25. fxe4 Kh8 26. Nxf6 Bxf6 27. Bh6
Rc8 28. Bg5 Ng8 29. Bxf6+ Nxf6 30. Rf1 Kg7 31. Qf2 Rf8 32. Nd2 b5 33. cxb5 Bxb5
34. Ra1 Rf7 35. Bxb5 Qxb5 36. Ra7 Qxb4+ 37. Kc2 Nd7 38. Qe3 Qc5+ 39. Qxc5 Nxc5
40. Rxf7+ Kxf7 41. Kd1 Ke6 42. Ke2 d5 43. exd5+ Kxd5 44. Nf3 Ne6 45. Ke3 Nd4
46. Ng5 h6 47. Nf7 Nf5+ 48. Ke2 h5 49. g3 Nd6 50. Ng5 Ne4 51. Nf3 Ke6 52. Ke3
Nd6 53. h3 Nf5+ 54. Kf2 e4 55. Ng5+ Ke5 56. g4 hxg4 57. hxg4 Ne7 58. Kg3 Nd5
59. Nh3 Kd4 60. Kh4 e3 61. Kg5 Ke4 62. Ng1 Nf4 63. Kf6 g5 64. Kxg5 Nh3+ 65.
Nxh3 e2 66. Nf4 e1=Q 67. Ng6 Qa5+ 68. Kf6 Qd8+ 69. Ke6 Qc8+ 70. Kf6 Qxg4 0-1

[Event "Baltic Sea Cup"]
[Site "Ronne"]
[Date "2007.08.02"]
[Round "5.16"]
[White "Brinck Claussen, Bjorn"]
[Black "Salama, Omar"]
[Result "1/2-1/2"]
[WhiteElo "2324"]
[BlackElo "2173"]
[PlyCount "71"]
[EventDate "2007.??.??"]
[EventType "swiss"]
[EventRounds "9"]
[EventCountry "DEN"]
[SourceDate "2005.12.01"]
[WhiteTeam "Denmark"]
[BlackTeam "Denmark"]
[WhiteTeamCountry "DEN"]
[BlackTeamCountry "DEN"]

1. e4 c5 2. Nf3 Nc6 3. d4 cxd4 4. Nxd4 Nf6 5. Nc3 e5 6. Ndb5 d6 7. Bg5 a6 8.
Na3 b5 9. Nd5 Qa5+ 10. Bd2 Qd8 11. c4 Nxe4 12. cxb5 Be6 13. Bc4 Ne7 14. Be3
Qa5+ 15. Kf1 Rb8 16. Qd3 axb5 17. Nc7+ Qxc7 18. Bxe6 fxe6 19. Qxe4 d5 20. Qd3
e4 21. Qb3 Nf5 22. Nxb5 Nxe3+ 23. fxe3 Qa5 24. a4 Bb4 25. Ke2 Rxb5 26. axb5
Qxb5+ 27. Kd1 O-O 28. Ra4 Rb8 29. Qc2 d4 30. exd4 e3 31. b3 Rd8 32. Qe4 e2+ 33.
Kc2 e1=Q 34. Rxe1 Bxe1 35. Qxe1 Qc6+ 36. Kb1 1/2-1/2